000 00468nam a2200193Ia 4500
005 20240823030611.0
008 240823s9999||||xx |||||||||||||| ||und||
020 _a978-81-89472-53-5
041 _aENGLISH
082 _A820.9 Q0
100 _aBhasker A Shukla
245 0 _aIndian English Literature after Independence
250 _a1st
260 _c2010
_bMark Publi
500 _aYES
650 _aIndian English
_bEnglish
942 _cBK
999 _c189083
_d189083